PFI financing conflict (Record no. 62991)
[ view plain ]
| 000 -LEADER | |
|---|---|
| fixed length control field | 00836cam a2200193 4500 |
| 001 - CONTROL NUMBER | |
| control field | WB3613-07 |
| 008 - FIXED-LENGTH DATA ELEMENTS--GENERAL INFORMATION | |
| fixed length control field | 000000n2000 000 0 eng u |
| 035 ## - SYSTEM CONTROL NUMBER | |
| System control number | (Sirsi) u105029 |
| 245 ## - TITLE STATEMENT | |
| Title | PFI financing conflict |
| 260 ## - PUBLICATION, DISTRIBUTION, ETC. | |
| Date of publication, distribution, etc. | 2000 |
| 490 ## - SERIES STATEMENT | |
| Series statement | Financial Times |
| Volume/sequential designation | 24 March 2000, 6(1) |
| 520 ## - SUMMARY, ETC. | |
| Summary, etc. | MPs feel that Partnerships UK should not be allowed directly to finance private finance initiative schemes when it takes over from the Treasury PFI taskforce, as there is a risk of conflict of interest. The publication "The Private Finance Initiative. Treasury Committee 4th report" is available from The Stationery Office. £17. |
| 590 ## - LOCAL NOTE (RLIN) | |
| Local note | WB |
| 650 ## - SUBJECT ADDED ENTRY--TOPICAL TERM | |
| Topical term or geographic name entry element | PARTNERSHIPS UK |
| 650 ## - SUBJECT ADDED ENTRY--TOPICAL TERM | |
| Topical term or geographic name entry element | PFI |
| 650 ## - SUBJECT ADDED ENTRY--TOPICAL TERM | |
| Topical term or geographic name entry element | CONFLICT OF INTEREST |
| 690 ## - LOCAL SUBJECT ADDED ENTRY--TOPICAL TERM (OCLC, RLIN) | |
| Topical term or geographic name as entry element | PROPERTY-COMMERCIAL PROPERTY-COMMERCIAL PROPERTY FINANCE AND INVESTMENT |
| 942 ## - ADDED ENTRY ELEMENTS (KOHA) | |
| Suppress in OPAC | 0 |
| Withdrawn status | Lost status | Source of classification or shelving scheme | Damaged status | Not for loan | Home library | Current library | Shelving location | Date acquired | Total Checkouts | Full call number | Barcode | Date last seen | Copy number | Price effective from | Koha item type |
|---|---|---|---|---|---|---|---|---|---|---|---|---|---|---|---|
| Dewey Decimal Classification | London | London | News article | 24/03/2000 | WB3613-07 | 105029-1001 | 06/08/2019 | 1 | 06/08/2019 | News article |